Estadísticas para Capitales mundiales por letra - L

Haz click aquí para tomar la prueba!

Estadísticas generales

  • Esta prueba ha sido tomada 2.154 veces
    (2.036 desde el último reinicio)
  • La puntuación promedio es 9 de 13

Estadísticas de respuestas

PaísCapital% Correcto
PerúLima
92%
Reino UnidoLondres
86%
PortugalLisboa
85%
BoliviaLa Paz
81%
EsloveniaLiubliana
76%
LuxemburgoLuxemburgo
76%
CubaLa Habana
70%
MaltaLa Valeta
69%
AngolaLuanda
68%
ZambiaLusaka
53%
GabónLibreville
52%
TogoLomé
52%
MalauiLilongüe
44%

Distribución de puntuación

Porcentaje por número respondido

Porcentaje de gente con cada puntuación

Historial de tus puntuaciones

No has tomado esta prueba desde el último reinicio